[Event "FBL O"]
[Site "?"]
[Date "2018.10.28"]
[Round "2.5"]
[White "Giebel, Christine"]
[Black "Gottschall, Ina"]
[Result "1/2-1/2"]
[WhiteElo "1841"]
[BlackElo "1654"]
[PlyCount "54"]
[EventDate "2018.10.27"]
[EventType "team-tourn"]
[EventCountry "GER"]
[WhiteTeam "Loeberitz SG"]
[BlackTeam "Dresden USV TU"]
[WhiteTeamCountry "GER"]
[BlackTeamCountry "GER"]

1. e4 g6 2. d4 Bg7 3. Nc3 d6 4. f4 Nf6 5. Nf3 c6 6. Bd3 b5 7. O-O Ba6 8. e5
dxe5 9. fxe5 Nd5 10. a3 O-O 11. Ne2 Qb6 12. Kh1 Nd7 13. c3 Rac8 14. Qe1 e6 15.
Ng5 h6 16. Ne4 b4 17. Bxa6 Qxa6 18. Bd2 bxc3 19. N2xc3 Qd3 20. Qf2 Nxc3 21.
Nxc3 c5 22. Rad1 Qc4 23. Be3 Rc7 24. Ne4 Nxe5 25. Nd6 Ng4 26. Qf3 Qb3 27. Qxg4
Qxe3 1/2-1/2

[Event "FBL O"]
[Site "?"]
[Date "2018.10.28"]
[Round "2.1"]
[White "Lorenz, Nicole"]
[Black "Ratay, Meike"]
[Result "1/2-1/2"]
[WhiteElo "1935"]
[BlackElo "1887"]
[PlyCount "59"]
[EventDate "2018.10.27"]
[EventType "team-tourn"]
[EventCountry "GER"]
[WhiteTeam "Leipzig SC Lindenau"]
[BlackTeam "Saalfeld MTV"]
[WhiteTeamCountry "GER"]
[BlackTeamCountry "GER"]

1. e4 c5 2. Nf3 d6 3. Bb5+ Nd7 4. O-O a6 5. Bxd7+ Bxd7 6. c3 e6 7. d4 cxd4 8.
cxd4 Ne7 9. Nc3 b5 10. Be3 b4 11. Ne2 d5 12. e5 Ng6 13. Nc1 Be7 14. Nd3 Bb5 15.
Qd2 O-O 16. Rfc1 Bxd3 17. Qxd3 Qb6 18. Rc2 Rfc8 19. Rac1 Qb7 20. Nd2 Nf8 21.
Nb3 Rxc2 22. Qxc2 Nd7 23. Qc7 Ra7 24. Qc8+ Bf8 25. Na5 Qxc8 26. Rxc8 Nb6 27.
Rc6 Na4 28. Bc1 g6 29. h3 Kg7 30. Rc8 1/2-1/2

[Event "FBL O"]
[Site "?"]
[Date "2018.10.28"]
[Round "2.2"]
[White "Dietrich, Mareike"]
[Black "Lowke, Kathrin"]
[Result "1-0"]
[WhiteElo "1714"]
[BlackElo "1900"]
[PlyCount "81"]
[EventDate "2018.10.27"]
[EventType "team-tourn"]
[EventCountry "GER"]
[WhiteTeam "Saalfeld MTV"]
[BlackTeam "Leipzig SC Lindenau"]
[WhiteTeamCountry "GER"]
[BlackTeamCountry "GER"]

1. e4 c5 2. Nf3 e6 3. d4 cxd4 4. Nxd4 a6 5. Bd3 d6 6. Nc3 Qc7 7. Be3 Nf6 8. O-O
Nbd7 9. f4 b5 10. Qf3 Bb7 11. a3 Nc5 12. Rae1 h5 13. Bd2 h4 14. Qh3 Nfd7 15. f5
e5 16. Nf3 Nf6 17. Ng5 O-O-O 18. Rf3 Kb8 19. Bf1 Bc8 20. b4 Nb7 21. Rf2 g6 22.
Qd3 Bg7 23. Nd5 Nxd5 24. Qxd5 Rdf8 25. c4 bxc4 26. Bxc4 Nd8 27. Rc1 Qb6 28. Qd3
Bh6 29. Be3 Qc6 30. Be6 Qxc1+ 31. Bxc1 fxe6 32. Qxd6+ Ka8 33. Rc2 Bb7 34. Nxe6
Nxe6 35. Bxh6 Rxh6 36. fxe6 Re8 37. Qd7 Rhh8 38. e7 Bc8 39. Qd5+ Bb7 40. Qxe5
Rh7 41. Rc7 1-0

[Event "FBL O"]
[Site "?"]
[Date "2018.10.28"]
[Round "2.3"]
[White "Spangenberg, Romy"]
[Black "Grund, Melanie"]
[Result "1-0"]
[WhiteElo "1871"]
[BlackElo "1801"]
[PlyCount "73"]
[EventDate "2018.10.27"]
[EventType "team-tourn"]
[EventCountry "GER"]
[WhiteTeam "Leipzig SC Lindenau"]
[BlackTeam "Saalfeld MTV"]
[WhiteTeamCountry "GER"]
[BlackTeamCountry "GER"]

1. e4 c5 2. Nf3 Nc6 3. d4 cxd4 4. Nxd4 g6 5. Nc3 Bg7 6. Be3 Nf6 7. Be2 d6 8.
O-O O-O 9. Kh1 Bd7 10. f4 Nxd4 11. Bxd4 Bc6 12. f5 e5 13. fxe6 fxe6 14. Bd3 a6
15. Qd2 Qe7 16. Be3 Ng4 17. Bg5 Bf6 18. Bxf6 Nxf6 19. Qg5 Qg7 20. e5 dxe5 21.
Qxe5 Rae8 22. Rae1 Ng4 23. Qg3 Rxf1+ 24. Rxf1 Nf6 25. Re1 Nd5 26. Nxd5 Bxd5 27.
c4 Bc6 28. Re5 Qf7 29. h4 Qg7 30. h5 Kh8 31. hxg6 Qh6+ 32. Kg1 hxg6 33. Bxg6
Qc1+ 34. Kh2 Bxg2 35. Rh5+ Kg7 36. Bxe8+ Kf8 37. Rh8+ 1-0

[Event "FBL O"]
[Site "?"]
[Date "2018.10.28"]
[Round "2.4"]
[White "Lorenz, Anouk"]
[Black "Weimert, Miriam"]
[Result "0-1"]
[WhiteElo "1345"]
[BlackElo "1776"]
[PlyCount "132"]
[EventDate "2018.10.27"]
[EventType "team-tourn"]
[EventCountry "GER"]
[WhiteTeam "Saalfeld MTV"]
[BlackTeam "Leipzig SC Lindenau"]
[WhiteTeamCountry "GER"]
[BlackTeamCountry "GER"]

1. e4 c5 2. Nf3 e6 3. d4 cxd4 4. Nxd4 a6 5. c4 d6 6. Nc3 Nf6 7. Be3 Be7 8. Be2
O-O 9. O-O Nbd7 10. Qd2 Qc7 11. b4 b6 12. Rfc1 Bb7 13. Bd3 Ne5 14. Qe2 Nxd3 15.
Qxd3 Rac8 16. f3 Qxc4 17. Qb1 Qc7 18. Na4 Qd8 19. Rxc8 Qxc8 20. Nxb6 Qc7 21.
Ne2 d5 22. exd5 Nxd5 23. Nxd5 Bxd5 24. a3 Qe5 25. Qc1 Bb7 26. Qc3 Qb8 27. Bf4
Qa8 28. Rc1 Bf6 29. Qd3 Rd8 30. Qb1 Qa7+ 31. Kf1 h6 32. Bc7 Rd2 33. Rc2 Qe3 34.
Rxd2 Qxd2 35. Bf4 Qd7 36. Qc2 e5 37. Bg3 Qe6 38. Kg1 e4 39. fxe4 Bxe4 40. Qd1
Qa2 41. Kf1 Qxa3 42. Qd7 Qxb4 43. Qc8+ Kh7 44. Qxa6 Qb1+ 45. Kf2 Bd3 46. Qd6
Qc2 47. Kg1 Qxe2 48. h3 Be4 49. Bf2 Bh4 50. Qf4 Bxf2+ 51. Qxf2 Qxf2+ 52. Kxf2
Kg6 53. g3 Kf5 54. Kf1 g5 55. Kg1 h5 56. Kh2 h4 57. g4+ Kf4 58. Kg1 Kg3 59. Kf1
Kxh3 60. Kg1 Kg3 61. Kf1 h3 62. Kg1 h2+ 63. Kf1 h1=Q+ 64. Ke2 Qf3+ 65. Kd2 Qd3+
66. Kc1 Qc2# 0-1

[Event "FBL O"]
[Site "?"]
[Date "2018.10.28"]
[Round "2.6"]
[White "Lorenz, Keana"]
[Black "Spangenberg, Pia"]
[Result "0-1"]
[WhiteElo "1399"]
[BlackElo "1791"]
[PlyCount "94"]
[EventDate "2018.10.27"]
[EventType "team-tourn"]
[EventCountry "GER"]
[WhiteTeam "Saalfeld MTV"]
[BlackTeam "Leipzig SC Lindenau"]
[WhiteTeamCountry "GER"]
[BlackTeamCountry "GER"]

1. e4 d5 2. exd5 Nf6 3. Bc4 Nxd5 4. d4 Nb6 5. Bb3 Nc6 6. c3 e5 7. Nf3 Bg4 8.
Qd3 Qd7 9. d5 O-O-O 10. c4 e4 11. Qc2 Nb4 12. Qd1 Nd3+ 13. Kf1 Nxc1 14. Qxc1
exf3 15. h3 fxg2+ 16. Kxg2 Bh5 17. Nc3 Bc5 18. Ne4 Qf5 19. Nxc5 Bf3+ 20. Kg3
Bxh1 21. Qxh1 Qg6+ 22. Kh2 Qd6+ 23. Kg1 Qxc5 24. Qe4 Nd7 25. a4 f5 26. Qg2 g5
27. a5 a6 28. Bc2 g4 29. b4 gxh3 30. Qxh3 Qxc4 31. Bxf5 Rhg8+ 32. Kh1 Qxd5+ 33.
f3 Rg5 34. Bg4 h5 35. Be6 Qe5 36. Rd1 Rg7 37. Rf1 Qg3 38. f4 Qxh3+ 39. Bxh3 Rf8
40. Kh2 Kd8 41. f5 Nf6 42. Rd1+ Kc8 43. Rf1 Ng4+ 44. Kh1 Rgf7 45. Bxg4 hxg4 46.
Rg1 Rxf5 47. Rxg4 Rf4 0-1

[Event "FBL O"]
[Site "?"]
[Date "2018.10.28"]
[Round "2.1"]
[White "Beltz, Franziska"]
[Black "Mucha, Annegret"]
[Result "0-1"]
[WhiteElo "2058"]
[BlackElo "2044"]
[PlyCount "78"]
[EventDate "2018.10.27"]
[EventType "team-tourn"]
[EventCountry "GER"]
[WhiteTeam "Leipzig SG"]
[BlackTeam "Zeulenroda SC Rochade"]
[WhiteTeamCountry "GER"]
[BlackTeamCountry "GER"]

1. e4 c5 2. Nf3 d6 3. d4 cxd4 4. Nxd4 Nf6 5. Nc3 a6 6. Bg5 Nbd7 7. f4 g6 8. Qe2
h6 9. Bh4 Qa5 10. O-O-O Bg7 11. Kb1 O-O 12. g4 Nc5 13. Rg1 e5 14. Nb3 Nxb3 15.
cxb3 exf4 16. g5 hxg5 17. Bxg5 Qe5 18. Bxf6 Qxf6 19. Nd5 Qe5 20. Nb6 Qc5 21.
Nxa8 Qxg1 22. Bg2 Qxh2 23. Rh1 Qg3 24. Nc7 Bg4 25. Qd2 f3 26. Bf1 f2 27. Nd5
Re8 28. Bd3 Qg1+ 29. Qc1 Qxc1+ 30. Rxc1 Bh3 31. Nf4 f1=Q 32. Bxf1 Bxf1 33. Rxf1
Rxe4 34. Nd5 Re2 35. Nc3 Bxc3 36. bxc3 Kg7 37. Rd1 g5 38. Rxd6 g4 39. Rd4 f5
0-1

[Event "FBL O"]
[Site "?"]
[Date "2018.10.28"]
[Round "2.2"]
[White "Skibbe, Diana"]
[Black "Halas, Julia"]
[Result "1/2-1/2"]
[WhiteElo "2027"]
[BlackElo "1972"]
[PlyCount "59"]
[EventDate "2018.10.27"]
[EventType "team-tourn"]
[EventCountry "GER"]
[WhiteTeam "Zeulenroda SC Rochade"]
[BlackTeam "Leipzig SG"]
[WhiteTeamCountry "GER"]
[BlackTeamCountry "GER"]

1. e4 e6 2. d4 d5 3. Nc3 Nf6 4. e5 Nfd7 5. f4 c5 6. Nf3 Nc6 7. Ne2 Be7 8. c3
O-O 9. g3 cxd4 10. Nexd4 Nc5 11. Be3 Bd7 12. Bg2 Ne4 13. Nd2 Nxd4 14. Bxd4 Nxd2
15. Qxd2 Bb5 16. Kf2 Rc8 17. Rhe1 b6 18. Kg1 g6 19. h3 a5 20. Kh2 Ba6 21. Qf2
Rb8 22. Rg1 b5 23. a3 Qc8 24. Bf1 Qc6 25. g4 f6 26. Re1 fxe5 27. Bxe5 Bc5 28.
Bd4 Bd6 29. Be5 Bc5 30. Bd4 1/2-1/2

[Event "FBL O"]
[Site "?"]
[Date "2018.10.28"]
[Round "2.3"]
[White "Gempe, Anet"]
[Black "Jacke, Corinna"]
[Result "0-1"]
[WhiteElo "1994"]
[BlackElo "1981"]
[PlyCount "56"]
[EventDate "2018.10.27"]
[EventType "team-tourn"]
[EventCountry "GER"]
[WhiteTeam "Leipzig SG"]
[BlackTeam "Zeulenroda SC Rochade"]
[WhiteTeamCountry "GER"]
[BlackTeamCountry "GER"]

1. e4 e6 2. d4 d5 3. Nd2 Nf6 4. e5 Nfd7 5. Bd3 c5 6. c3 Nc6 7. Ne2 cxd4 8. cxd4
f6 9. exf6 Nxf6 10. Nf3 Bd6 11. O-O O-O 12. Bf4 Bxf4 13. Nxf4 Qd6 14. g3 e5 15.
dxe5 Nxe5 16. Nxe5 Qxe5 17. Qb3 Kh8 18. Rfe1 Qd6 19. Rad1 Ng4 20. Rd2 Ne5 21.
Be2 d4 22. Nd3 Nc6 23. f4 Rb8 24. Bf3 g5 25. Qd5 Qxd5 26. Bxd5 g4 27. Bxc6 bxc6
28. Re7 Rb7 0-1

[Event "FBL O"]
[Site "?"]
[Date "2018.10.28"]
[Round "2.4"]
[White "Schott, Maria"]
[Black "Just, Gabriele"]
[Result "1/2-1/2"]
[WhiteElo "1789"]
[BlackElo "1849"]
[PlyCount "42"]
[EventDate "2018.10.27"]
[EventType "team-tourn"]
[EventCountry "GER"]
[WhiteTeam "Zeulenroda SC Rochade"]
[BlackTeam "Leipzig SG"]
[WhiteTeamCountry "GER"]
[BlackTeamCountry "GER"]

1. Nf3 f5 2. c4 Nf6 3. g3 e6 4. Bg2 a5 5. O-O Be7 6. Nc3 O-O 7. d4 d6 8. Re1 d5
9. Ne5 Bb4 10. a3 Bxc3 11. bxc3 Ne4 12. Qc2 Nd7 13. Nxd7 Bxd7 14. cxd5 exd5 15.
c4 Bc6 16. Bf4 Rf7 17. Rac1 Qe7 18. Qb2 Qe6 19. c5 a4 20. Rb1 g5 21. Be5 Qg6
1/2-1/2

[Event "FBL O"]
[Site "?"]
[Date "2018.10.28"]
[Round "2.5"]
[White "Oswald, Hannah"]
[Black "Wagner, Victoria"]
[Result "1/2-1/2"]
[WhiteElo "1611"]
[BlackElo "1643"]
[PlyCount "62"]
[EventDate "2018.10.27"]
[EventType "team-tourn"]
[EventCountry "GER"]
[WhiteTeam "Leipzig SG"]
[BlackTeam "Zeulenroda SC Rochade"]
[WhiteTeamCountry "GER"]
[BlackTeamCountry "GER"]

1. e4 c5 2. Nf3 d6 3. d4 cxd4 4. Nxd4 Nf6 5. Nc3 a6 6. Be2 e5 7. Nb3 Be7 8. O-O
Be6 9. Kh1 Nbd7 10. f4 Qc7 11. f5 Bc4 12. Bxc4 Qxc4 13. Qf3 Nb6 14. Be3 Qc7 15.
Rad1 Nc4 16. Bc1 Rd8 17. Qg3 Rg8 18. Bg5 Nh5 19. Qh4 Bxg5 20. Qxg5 Nf6 21. Qc1
Rc8 22. Rd3 b5 23. Nd5 Nxd5 24. Rxd5 Nb6 25. Rd2 Ke7 26. c3 f6 27. Qd1 Nc4 28.
Re2 Nb6 29. Rd2 Nc4 30. Re2 Nb6 31. Rd2 Nc4 1/2-1/2

[Event "FBL O"]
[Site "?"]
[Date "2018.10.28"]
[Round "2.6"]
[White "Wagner, Margarethe"]
[Black "Neumann, Isabel"]
[Result "1-0"]
[WhiteElo "1643"]
[BlackElo "1683"]
[PlyCount "65"]
[EventDate "2018.10.27"]
[EventType "team-tourn"]
[EventCountry "GER"]
[WhiteTeam "Zeulenroda SC Rochade"]
[BlackTeam "Leipzig SG"]
[WhiteTeamCountry "GER"]
[BlackTeamCountry "GER"]

1. e4 c5 2. Nf3 e6 3. d4 cxd4 4. Nxd4 a6 5. c4 Nf6 6. Bd3 Be7 7. O-O Qc7 8. Qe2
d6 9. f4 Nbd7 10. Kh1 b6 11. b4 Bb7 12. Nd2 Rc8 13. a3 O-O 14. Bb2 Rfe8 15.
Rae1 e5 16. Nf5 Bf8 17. Qf3 exf4 18. Qxf4 Ne5 19. Bxe5 dxe5 20. Qg5 Re6 21. Re3
Nxe4 22. Bxe4 Bxe4 23. Rxe4 Qc6 24. Qe3 Rg6 25. Nf3 Re8 26. Rg1 Rf6 27. Nxe5
Qa8 28. Nd4 Bd6 29. Nec6 Rxe4 30. Qxe4 Qc8 31. Ne7+ Bxe7 32. Qxe7 h6 33. c5 1-0

[Event "FBL O"]
[Site "?"]
[Date "2018.10.28"]
[Round "2.1"]
[White "Schulz, Petra"]
[Black "Arnhold, Kerstin"]
[Result "1-0"]
[WhiteElo "2066"]
[BlackElo "2029"]
[PlyCount "89"]
[EventDate "2018.10.27"]
[EventType "team-tourn"]
[EventCountry "GER"]
[WhiteTeam "Leipzig SV Blauweiss Allianz"]
[BlackTeam "Niederwiesa SV Gruen Weiss"]
[WhiteTeamCountry "GER"]
[BlackTeamCountry "GER"]

1. e4 c5 2. Nf3 d6 3. d4 cxd4 4. Nxd4 Nf6 5. Nc3 a6 6. Bg5 e6 7. f4 Be7 8. Qf3
Qc7 9. O-O-O O-O 10. Bd3 Nbd7 11. Rhe1 Nc5 12. e5 Nxd3+ 13. Rxd3 dxe5 14. fxe5
Nd5 15. Bxe7 Nxe7 16. Qg3 Ng6 17. h4 f6 18. Nf3 Bd7 19. h5 Ne7 20. Nh4 fxe5 21.
h6 g6 22. Red1 Bc6 23. Rd6 Nf5 24. Nxf5 exf5 25. Qxe5 Qf7 26. Nd5 Bxd5 27.
R6xd5 Rae8 28. Qc3 Re7 29. Rd8 Rfe8 30. a4 Qf8 31. Qb3+ Qf7 32. Rxe8+ Rxe8 33.
Rd7 Qxb3 34. cxb3 Re2 35. Rg7+ Kf8 36. Rxh7 Rxg2 37. Rxb7 Rh2 38. h7 f4 39. Kd1
f3 40. Ke1 g5 41. h8=Q+ Rxh8 42. Rb8+ Kg7 43. Rxh8 Kxh8 44. a5 Kg7 45. b4 1-0

[Event "FBL O"]
[Site "?"]
[Date "2018.10.28"]
[Round "2.2"]
[White "Nobis, Martina"]
[Black "Daemering, Katrin"]
[Result "1-0"]
[WhiteElo "1864"]
[BlackElo "2038"]
[PlyCount "53"]
[EventDate "2018.10.27"]
[EventType "team-tourn"]
[EventCountry "GER"]
[WhiteTeam "Niederwiesa SV Gruen Weiss"]
[BlackTeam "Leipzig SV Blauweiss Allianz"]
[WhiteTeamCountry "GER"]
[BlackTeamCountry "GER"]

1. e4 c5 2. Nf3 d6 3. d4 cxd4 4. Nxd4 Nf6 5. Nc3 a6 6. Be2 e6 7. O-O Be7 8. Be3
Qc7 9. f4 Nc6 10. Bf3 Na5 11. Kh1 Nc4 12. Bc1 e5 13. Nde2 b5 14. Nd5 Nxd5 15.
exd5 Bb7 16. b3 e4 17. Bxe4 Nb6 18. Bb2 O-O 19. Qd3 f5 20. Bxf5 Rxf5 21. Qxf5
Nxd5 22. Rad1 Nb6 23. Qg4 Bf8 24. Nd4 Bc8 25. f5 Nd7 26. Ne6 Qxc2 27. Bxg7 1-0

[Event "FBL O"]
[Site "?"]
[Date "2018.10.28"]
[Round "2.3"]
[White "Germann, Heike"]
[Black "Orlova, Liubov"]
[Result "1-0"]
[WhiteElo "2069"]
[BlackElo "2011"]
[PlyCount "159"]
[EventDate "2018.10.27"]
[EventType "team-tourn"]
[EventCountry "GER"]
[WhiteTeam "Leipzig SV Blauweiss Allianz"]
[BlackTeam "Niederwiesa SV Gruen Weiss"]
[WhiteTeamCountry "GER"]
[BlackTeamCountry "GER"]

1. d4 Nf6 2. c4 e6 3. Nc3 d5 4. Bg5 Be7 5. e3 h6 6. Bh4 O-O 7. Nf3 Ne4 8. Bxe7
Qxe7 9. Qc2 Nxc3 10. bxc3 Nd7 11. cxd5 exd5 12. Bd3 Nf6 13. O-O b6 14. Rfe1 Bb7
15. Nd2 Rfe8 16. f3 c5 17. e4 dxe4 18. fxe4 cxd4 19. cxd4 Rac8 20. Qb2 Qc7 21.
Rac1 Qf4 22. Rxc8 Rxc8 23. d5 Re8 24. g3 Qd6 25. Qb1 Qc5+ 26. Kg2 Ng4 27. Re2
Bxd5 28. h3 Nf6 29. exd5 Rxe2+ 30. Bxe2 Qe3 31. Qe1 Nxd5 32. Nf3 Qa3 33. Qd2
Qc5 34. Nd4 a5 35. Bf3 Nf6 36. Nb3 Qe5 37. Qd8+ Kh7 38. Qxb6 a4 39. Qd4 Qb5 40.
Nc5 a3 41. Qd3+ Qxd3 42. Nxd3 Nd7 43. Nb4 Nb6 44. Nc2 f5 45. Nxa3 g5 46. Nb5
Kg6 47. Nc3 Nc4 48. a4 Kf6 49. Be2 Na5 50. Kf3 Ke5 51. Bb5 Nb3 52. Ke3 Na5 53.
Ne2 Kd5 54. Nc1 Kc5 55. Nd3+ Kd5 56. Nb4+ Kc5 57. Na6+ Kd5 58. Nc7+ Ke5 59. Be2
Nb3 60. Nb5 Na5 61. Nd4 Nb7 62. Nc6+ Kd5 63. Bf3+ Kc5 64. a5 Nd6 65. a6 Kb6 66.
a7 Kb7 67. Kd3 f4 68. g4 Ka8 69. Kd4 Nb5+ 70. Kc4 Nxa7 71. Nxa7+ Kxa7 72. Kd5
Kb6 73. Ke6 Kc5 74. Kf6 Kd4 75. Kg6 Ke3 76. Bb7 f3 77. Kxh6 f2 78. Ba6 Kf4 79.
Kg6 Kg3 80. Kxg5 1-0

[Event "FBL O"]
[Site "?"]
[Date "2018.10.28"]
[Round "2.4"]
[White "Kindt, Ulrike"]
[Black "Kalies, Grit"]
[Result "1/2-1/2"]
[WhiteElo "1746"]
[BlackElo "1997"]
[PlyCount "55"]
[EventDate "2018.10.27"]
[EventType "team-tourn"]
[EventCountry "GER"]
[WhiteTeam "Niederwiesa SV Gruen Weiss"]
[BlackTeam "Leipzig SV Blauweiss Allianz"]
[WhiteTeamCountry "GER"]
[BlackTeamCountry "GER"]

1. d4 d6 2. c4 Nf6 3. Nf3 g6 4. Nc3 Bg7 5. e3 O-O 6. Bd3 Nbd7 7. O-O e5 8. Qc2
Ne8 9. dxe5 Nxe5 10. Nxe5 Bxe5 11. f4 Bg7 12. e4 f5 13. Bd2 c6 14. Rae1 Nc7 15.
exf5 Bxf5 16. b3 d5 17. Bxf5 Rxf5 18. cxd5 cxd5 19. Qd3 Qd7 20. Ne2 d4 21. Ng3
Rf7 22. f5 Qb5 23. Qxb5 Nxb5 24. fxg6 hxg6 25. Rxf7 Kxf7 26. Kf2 Rd8 27. Ne4
Rd7 28. a4 1/2-1/2

[Event "FBL O"]
[Site "?"]
[Date "2018.10.28"]
[Round "2.5"]
[White "Von Herman, Brigitte"]
[Black "Schiffer, Sabine"]
[Result "1-0"]
[WhiteElo "2050"]
[BlackElo "1860"]
[PlyCount "95"]
[EventDate "2018.10.27"]
[EventType "team-tourn"]
[EventCountry "GER"]
[WhiteTeam "Leipzig SV Blauweiss Allianz"]
[BlackTeam "Niederwiesa SV Gruen Weiss"]
[WhiteTeamCountry "GER"]
[BlackTeamCountry "GER"]

1. e4 c5 2. c3 d6 3. d4 cxd4 4. cxd4 Nf6 5. Nc3 e6 6. Nf3 Be7 7. Bd3 Nbd7 8.
O-O a6 9. a4 e5 10. Re1 h6 11. h3 O-O 12. Qe2 Re8 13. a5 Bf8 14. d5 Nc5 15. Bc2
Qc7 16. Bd2 b6 17. axb6 Qxb6 18. b4 Ncd7 19. Reb1 Bb7 20. Be3 Qc7 21. Na4 Reb8
22. Rc1 Qd8 23. Nd2 Bc8 24. Rab1 Rb7 25. Nc4 Rab8 26. Bd2 Ne8 27. Na5 Rc7 28.
Nc6 Qh4 29. Nxb8 Nxb8 30. Bd3 Qd8 31. Be3 Be7 32. Rxc7 Nxc7 33. Rc1 Na8 34. Ra1
Bb7 35. Ba7 Nc7 36. Bb6 Qd7 37. Rc1 Bd8 38. Qc2 Nb5 39. Bxd8 Qxd8 40. Bxb5 axb5
41. Qc7 Qxc7 42. Rxc7 bxa4 43. Rxb7 Na6 44. b5 Nc5 45. Rb8+ Kh7 46. f3 Kg6 47.
Ra8 Kf6 48. b6 1-0

[Event "FBL O"]
[Site "?"]
[Date "2018.10.28"]
[Round "2.6"]
[White "Nobis, Anna"]
[Black "Just, Anita"]
[Result "1/2-1/2"]
[WhiteElo "1837"]
[BlackElo "1889"]
[PlyCount "87"]
[EventDate "2018.10.27"]
[EventType "team-tourn"]
[EventCountry "GER"]
[WhiteTeam "Niederwiesa SV Gruen Weiss"]
[BlackTeam "Leipzig SV Blauweiss Allianz"]
[WhiteTeamCountry "GER"]
[BlackTeamCountry "GER"]

1. e4 e6 2. d4 d5 3. Nc3 Bb4 4. e5 c5 5. a3 Bxc3+ 6. bxc3 Ne7 7. f4 Bd7 8. Nf3
Qa5 9. Bd2 Nbc6 10. c4 Qa4 11. cxd5 Nxd5 12. c4 Qxd1+ 13. Rxd1 Nb6 14. dxc5 Na4
15. Be3 Ne7 16. Rb1 Nf5 17. Bf2 Bc6 18. Bd3 Nc3 19. Rb3 Ne4 20. O-O Nxf2 21.
Rxf2 O-O-O 22. Ng5 Rd7 23. Be4 Kc7 24. Bxc6 Kxc6 25. Ne4 Rhd8 26. Nd6 b6 27.
cxb6 Nxd6 28. exd6 axb6 29. Rfb2 Rb8 30. Rb5 Rxd6 31. c5 Rd1+ 32. Kf2 Ra1 33.
Rxb6+ Rxb6 34. cxb6 Kb7 35. Rb3 Ra2+ 36. Kf3 Ra1 37. g4 Rh1 38. Kg2 Ra1 39. h3
Ra2+ 40. Kf3 Ra1 41. Ke4 Re1+ 42. Kd4 Rd1+ 43. Ke3 Re1+ 44. Kf3 1/2-1/2

[Event "FBL O"]
[Site "?"]
[Date "2018.11.17"]
[Round "3.1"]
[White "Mucha, Annegret"]
[Black "Bui, Ngoc Han Julia"]
[Result "1-0"]
[WhiteElo "2033"]
[BlackElo "1958"]
[PlyCount "45"]
[EventDate "2018.10.27"]
[EventType "team-tourn"]
[EventCountry "GER"]
[WhiteTeam "Zeulenroda SC Rochade"]
[BlackTeam "Dresden USV TU"]
[WhiteTeamCountry "GER"]
[BlackTeamCountry "GER"]

1. Nc3 c5 2. e4 Nc6 3. f4 g6 4. Nf3 Bg7 5. Bc4 e6 6. O-O Nge7 7. d3 Na5 8. Be3
Nxc4 9. dxc4 b6 10. Nb5 O-O 11. e5 Nf5 12. Bf2 d5 13. g4 Ne7 14. Bh4 Ba6 15. a4
f6 16. Qe2 Qd7 17. exf6 Bxf6 18. Bxf6 Rxf6 19. Ne5 Qb7 20. g5 Rff8 21. Ng4 Nf5
22. Qxe6+ Rf7 23. Ne5 1-0

[Event "FBL O"]
[Site "?"]
[Date "2018.11.17"]
[Round "3.2"]
[White "Wong, Kar Yan"]
[Black "Skibbe, Diana"]
[Result "0-1"]
[WhiteElo "1769"]
[BlackElo "2031"]
[PlyCount "78"]
[EventDate "2018.10.27"]
[EventType "team-tourn"]
[EventCountry "GER"]
[WhiteTeam "Dresden USV TU"]
[BlackTeam "Zeulenroda SC Rochade"]
[WhiteTeamCountry "GER"]
[BlackTeamCountry "GER"]

1. e4 e5 2. Nf3 Nf6 3. Nc3 Bb4 4. d3 Nc6 5. a3 Bxc3+ 6. bxc3 h6 7. c4 d6 8. h3
O-O 9. Be3 Ne7 10. g4 Ne8 11. c3 Ng6 12. d4 Qe7 13. d5 c5 14. Rb1 Nf4 15. Nd2
g5 16. Qf3 Nf6 17. Bxf4 exf4 18. Qg2 a6 19. f3 b5 20. Be2 Bd7 21. h4 Kg7 22.
hxg5 hxg5 23. cxb5 axb5 24. Bxb5 Bxb5 25. Rxb5 Nxd5 26. Nc4 Rh8 27. Rxh8 Rxh8
28. Kd2 Qe6 29. Nxd6 Qxd6 30. exd5 Qxd5+ 31. Kc2 Re8 32. Rb2 Re3 33. Qd2 Qxf3
34. Kb1 Rxc3 35. a4 Qe4+ 36. Ka1 Qxa4+ 37. Ra2 Qd4 38. Qxd4+ cxd4 39. Rd2 Rg3
0-1

[Event "FBL O"]
[Site "?"]
[Date "2018.11.17"]
[Round "3.3"]
[White "Jacke, Corinna"]
[Black "von Keyserlingk, Chanda"]
[Result "1/2-1/2"]
[WhiteElo "1996"]
[BlackElo "1745"]
[PlyCount "73"]
[EventDate "2018.10.27"]
[EventType "team-tourn"]
[EventCountry "GER"]
[WhiteTeam "Zeulenroda SC Rochade"]
[BlackTeam "Dresden USV TU"]
[WhiteTeamCountry "GER"]
[BlackTeamCountry "GER"]

1. e4 c5 2. Nf3 d6 3. d4 cxd4 4. Nxd4 Nf6 5. Nc3 g6 6. f3 Bg7 7. Be3 O-O 8. Qd2
Nc6 9. O-O-O Bd7 10. g4 Ne5 11. Bh6 Rc8 12. Bxg7 Kxg7 13. h4 Qa5 14. Kb1 Rxc3
15. Qxc3 Qxc3 16. bxc3 Nxf3 17. Nxf3 Bxg4 18. Bg2 Nxe4 19. Rde1 Bxf3 20. Bxf3
Nd2+ 21. Kb2 Nxf3 22. Rxe7 Rb8 23. h5 g5 24. Rd1 Ne5 25. Kb3 Kf6 26. Rc7 Ke6
27. c4 g4 28. Rg1 a6 29. a4 h6 30. Kc3 Kf6 31. c5 Ke6 32. a5 dxc5 33. Rxc5 Kd6
34. Kb4 Nc6+ 35. Kc4 Ne5+ 36. Kb4 Nc6+ 37. Kc4 1/2-1/2

[Event "FBL O"]
[Site "?"]
[Date "2018.11.17"]
[Round "3.4"]
[White "Klemke, Kassandra"]
[Black "Schott, Maria"]
[Result "1/2-1/2"]
[WhiteElo "1626"]
[BlackElo "1816"]
[PlyCount "60"]
[EventDate "2018.10.27"]
[EventType "team-tourn"]
[EventCountry "GER"]
[WhiteTeam "Dresden USV TU"]
[BlackTeam "Zeulenroda SC Rochade"]
[WhiteTeamCountry "GER"]
[BlackTeamCountry "GER"]

1. e4 c6 2. d4 d5 3. Nd2 dxe4 4. Nxe4 Nd7 5. Ng5 Ngf6 6. Bd3 h6 7. N5f3 e6 8.
Ne2 Bd6 9. O-O O-O 10. c4 c5 11. Bc2 b6 12. Nc3 Bb7 13. Re1 Bxf3 14. Qxf3 cxd4
15. Nb5 Bb4 16. Rd1 e5 17. Qg3 Kh8 18. Qh3 Ng8 19. g4 Be7 20. f4 a6 21. Na3
exf4 22. Qd3 Ndf6 23. Bxf4 Qd7 24. h3 Rad8 25. Kf2 Qc6 26. Rg1 Bd6 27. Bd2 Rfe8
28. Rae1 Rxe1 29. Rxe1 Rc8 30. b4 Qc7 1/2-1/2

[Event "FBL O"]
[Site "?"]
[Date "2018.11.17"]
[Round "3.5"]
[White "Wagner, Victoria"]
[Black "Hartmann, Anne"]
[Result "1/2-1/2"]
[WhiteElo "1772"]
[BlackElo "1810"]
[PlyCount "87"]
[EventDate "2018.10.27"]
[EventType "team-tourn"]
[EventCountry "GER"]
[WhiteTeam "Zeulenroda SC Rochade"]
[BlackTeam "Dresden USV TU"]
[WhiteTeamCountry "GER"]
[BlackTeamCountry "GER"]

1. e4 d5 2. exd5 Qxd5 3. Nc3 Qd6 4. d4 Nf6 5. Nf3 a6 6. Be2 Nc6 7. Be3 Bf5 8.
Qd2 e6 9. Nh4 Be4 10. Nf3 O-O-O 11. Bf4 Qd7 12. Nxe4 Nxe4 13. Qe3 Nf6 14. c3
Nd5 15. Qd2 Nxf4 16. Qxf4 Bd6 17. Qd2 f6 18. Rd1 g5 19. h3 h5 20. Qc2 Ne7 21.
Nd2 f5 22. Nc4 g4 23. h4 Nd5 24. Nxd6+ Qxd6 25. Qc1 Qf4 26. Qxf4 Nxf4 27. g3
Nxe2 28. Kxe2 Rhe8 29. Rhe1 e5 30. dxe5 Rxe5+ 31. Kf1 Rde8 32. Rxe5 Rxe5 33.
Rd2 Re6 34. Rd5 Rf6 35. Kg2 c6 36. Rd4 Kc7 37. Kf1 Rd6 38. Rxd6 Kxd6 39. Ke2
Ke6 40. b3 b6 41. f3 b5 42. f4 c5 43. c4 b4 44. Kd2 1/2-1/2